| 000 | | | 04505nmc2a22003253x 450 |
| 001 | | | a4637b27-d4b4-4b8f-88f2-fa3ca7bdda92 |
| 005 | | | 20250805002951.0 |
| 100 | ## | $a | 20250619l19351936k y0rusy50 ca |
| 101 | 0# | $a | rus |
| 102 | ## | $a | RU |
| 105 | ## | $a | ac z ||||| |
| 122 | 2# | $a | d19351117 |
| | $a | d19360310 |
| 200 | 1# | $a | Юбилей 60-летия жизни Михаила Ивановича Калинина |
| | $j | 17.11.1935 - 10.03.1936 |
| 215 | ## | $a | 85 листов |
| | $c | портр., табл., ил. |
| | $d | 37,5 х 24,2 |
| 251 | ## | $c | Дело |
| 300 | ## | $a | Листы: 1 - не подшит; 23 - газета |
| 300 | ## | $a | В деле имеются телеграммы |
| 300 | ## | $a | Часть текста машинописная и рукописная, часть - напечатана типографским способом |
| 324 | ## | $a | В деле имеются копии отдельных документов |
| 330 | ## | $a | Входит в раздел описи: Протокольная часть |
| 461 | #0 | $1 | 001RuPRLIB520124725 |
| | $1 | 2001 |
| | $a | ЦЕНТРАЛЬНЫЙ ИСПОЛНИТЕЛЬНЫЙ КОМИТЕТ СССР (ЦИК СССР). |
| | $1 | 251 |
| | $c | Фонд |
| | $1 | 852 |
| | $g | Р |
| | $j | 3316 |
| 462 | #0 | $1 | 001RuPRLIB520125317 |
| | $1 | 2001 |
| | $a | Дела Секретариата Президиума ЦИК Союза ССР за 1935 год |
| | $v | Д. 465 |
| | $1 | 251 |
| | $c | Опись |
| | $1 | 852 |
| | $j | 28 |
| 600 | #1 | $a | Калинин |
| | $b | М. И. |
| | $g | Михаил Иванович |
| 605 | ## | $3 | DITM\AF\0000002775 |
| | $a | Власть |
| | $l | коллекция |
| | $2 | acquisition_prlib |
| 610 | 1# | $a | Юбилей |
| 686 | ## | $a | 67.401.011.12ю1 |
| | $c | Право |
| | $2 | rubbk |
| 686 | ## | $a | 63.3(2)614-332ю1 |
| | $c | История |
| | $2 | rubbk |
| 801 | #0 | $a | RU |
| | $b | GA_RF |
| 801 | #1 | $a | RU |
| | $b | ГлавНИВЦ |
| | $c | 20250619 |
| | $2 | rusmarc |
| 801 | #2 | $a | RU |
| | $b | ПБ им. Б.Н. Ельцина |
| | $c | 20250805 |
| | $g | RCR |
| | $2 | rusmarc |
| 852 | ## | $a | ГА РФ |
| | $j | 465 |
| 937 | ## | $d | 197754062 |
| | $h | ГАРФ |
| 035 | ## | $a | RuPRLIB51080180 |
| 856 | ## | $u | http://readingroom.main.prlib.ru/item.aspx?id_node=n197754062&mode=full |